| 000 | 00653nam a2200205Ia 4500 | ||
|---|---|---|---|
| 003 | GCL | ||
| 008 | 140319s9999 xx 000 0 ara d | ||
| 020 | _a7372148977 | ||
| 040 |
_aGCL / _cGCL |
||
| 082 | 0 | 4 |
_a813.03 _bج ك |
| 100 | 1 | _aجمال الغيطانى | |
| 245 | 1 | 0 |
_aكتاب التجليات : الاسفار الثلاثة / _cجمال الغيطانى |
| 250 | _aالثانية | ||
| 260 |
_aالقاهرة : _bدار الشروق ، _c2005 |
||
| 300 |
_a815 ص ؛ _c18 سم |
||
| 650 | 0 | 4 | _aالقصص العربية |
| 650 | 0 | 4 | _aالادب العربى - العصر الحديث |
| 650 | 0 | 4 | _aالقصص - مصر |
| 942 |
_2ddc _cBK |
||
| 999 |
_c8176 _d8176 |
||